000
00238 a2200097 4500
001
57319
100
_a
245
_a
Text Book of Algebra And Trignometry
260
_a
Lahore
_b
Punjab Textbook Board
_c
1992
090
_c
35138
_d
35138
942
_a
NUST-CAE
_c
MONOGRAPH
_c
27934
999
_c
292392
_d
292392